000 01234nam a22002537a 4500
005 20110905104513.0
010 _aG-001189
020 _a8189379046
_c125.00
035 _aG-001189
037 _bउपहार
082 _a390
100 _aरमेशचन्द्र प्रेम
_934285
245 _aदेश-विदेश की विचित्र प्रथाएँ /
_cरमेशचन्द्र प्रेम
246 _aDesh-Videsh Ki Vichitra Prathayen
_bby Ramesh Chandra Prem
260 _a दिल्ली
_bलर्निंग ट्री पब्लिशर्स एण्ड डिस्ट्रीब्यूटर्स
_c2005
270 _a 1362, ग्राउण्ड फ्लोर , कश्मीरी गेट
_bदिल्ली
_e110006
300 _a104 पृ
_bसचित्र
_c24सेमी (सजिल्द)
650 _a
_934286
650 _a
_934287
650 _a
_934288
942 _adpl
_cCH
_2ddc
_mरमेश
_h390
999 _c56261
_d56261